[Event "11th Gashimov Mem Blitz"]
[Site "Stepanakert ARM"]
[Date "2025.12.11"]
[Round "7.3"]
[White "Yakubboev, Nodirbek"]
[Black "Suleymanli, Aydin"]
[Result "1-0"]
[WhiteTitle "GM"]
[BlackTitle "GM"]
[WhiteElo "2691"]
[BlackElo "2628"]
[WhiteFideId "14203987"]
[BlackFideId "13413937"]
[EventDate "2025.12.11"]

1. d4 Nf6 2. c4 e6 3. Nf3 d5 4. Nc3 c6 5. Qd3 a6 6. c5 b6 7. cxb6 Qxb6 8. Qc2 a5
9. Na4 Qc7 10. e3 Bd6 11. Bd2 O-O 12. Rc1 Ne4 13. Bd3 Nxd2 14. Nxd2 h6 15. Nb3
Ba6 16. Nbc5 Bb5 17. g3 Rc8 18. O-O Na6 19. Nxa6 Rxa6 20. Qe2 Bxd3 21. Qxd3 Qb7
22. Rc2 Raa8 23. Rfc1 Rab8 24. h4 Bf8 25. h5 Qa8 26. Kg2 Rb4 27. b3 Rbb8 28. Nc5
Qa7 29. Rc3 Rb5 30. Na4 Qb7 31. Nc5 Qe7 32. R1c2 e5 33. dxe5 Qxe5 34. Nd7 Qd6
35. Nxf8 Rbb8 36. Qh7+ Kxf8 37. Qh8+ Ke7 38. Qxg7 c5 39. Rxc5 Rxc5 40. Rxc5 Qxc5
41. Qe5+ Kd7 42. Qxb8 Qc2 43. Qf4 Qxa2 44. Qxf7+ Kc6 45. Qe6+ Kc5 46. Qxh6 Qxb3
47. Qf8+ Kc4 48. Qc8+ Kd3 49. h6 Ke2 50. Qa6+ Ke1 51. Qxa5+ 1-0

[Event "11th Gashimov Mem Blitz"]
[Site "Stepanakert ARM"]
[Date "2025.12.11"]
[Round "8.1"]
[White "Tabatabaei, M. Amin"]
[Black "Yakubboev, Nodirbek"]
[Result "1/2-1/2"]
[WhiteTitle "GM"]
[BlackTitle "GM"]
[WhiteElo "2700"]
[BlackElo "2691"]
[WhiteFideId "12521213"]
[BlackFideId "14203987"]
[EventDate "2025.12.11"]

1. e4 e5 2. Nf3 Nc6 3. Bc4 Nf6 4. d3 Be7 5. O-O O-O 6. Nc3 d6 7. a4 Bg4 8. h3
Bxf3 9. Qxf3 Nd4 10. Qd1 c6 11. Ba2 Ne6 12. Be3 Qc7 13. Qf3 Rad8 14. Rae1 Kh8
15. h4 h5 16. Qh3 Ng4 17. Bxe6 fxe6 18. Nd1 d5 19. Bg5 Rde8 20. f3 Bc5+ 21. Kh1
Nf6 22. c3 a5 23. Qg3 Bd6 24. Bd2 Kh7 25. Nf2 Qb6 26. Bc1 Bb8 27. Nh3 Qb3 28.
Ng5+ Kg8 29. Qh3 d4 30. Rd1 Nh7 31. Qg3 Qxa4 32. Nxh7 Kxh7 33. Qg5 c5 34. Qxh5+
Kg8 35. c4 Qd7 36. Qg4 b5 37. cxb5 Qxb5 38. h5 Qd7 39. Bd2 Bc7 40. Ra1 Ra8 41.
Rfc1 Bb6 42. Rc4 Qf7 43. Kg1 Kh7 44. Rca4 Rfb8 45. Bxa5 Bxa5 46. Rxa5 Rxa5 47.
Rxa5 Rxb2 48. Rxc5 Qf6 49. Rc6 Rb1+ 50. Kh2 Rd1 51. Rxe6 Qf4+ 52. Qxf4 exf4 53.
Rd6 Rxd3 54. Kh3 Rd2 55. Kg4 Rxg2+ 56. Kxf4 Rd2 57. e5 d3 58. Kf5 Kg8 59. f4 Rd1
60. Rd8+ Kf7 61. Rd7+ Kf8 62. Ke6 Kg8 63. f5 d2 64. Rd8+ Kh7 65. Rd7 Kh6 66. Kf7
Re1 67. Rd6+ Kxh5 68. e6 d1=Q 69. Rxd1 Rxd1 70. Kxg7 Rg1+ 71. Kf7 Kg5 72. e7 Re1
73. f6 Kf5 74. Kg7 Re6 1/2-1/2

[Event "11th Gashimov Mem Blitz"]
[Site "Stepanakert ARM"]
[Date "2025.12.11"]
[Round "8.2"]
[White "Suleymanli, Aydin"]
[Black "Mamedov, Rauf"]
[Result "0-1"]
[WhiteTitle "GM"]
[BlackTitle "GM"]
[WhiteElo "2628"]
[BlackElo "2645"]
[WhiteFideId "13413937"]
[BlackFideId "13401653"]
[EventDate "2025.12.11"]

1. c4 e6 2. Nf3 d5 3. e3 Nf6 4. Nc3 c5 5. d4 Nc6 6. a3 a6 7. dxc5 Bxc5 8. b4 Bd6
9. Ra2 Ne5 10. cxd5 Nxf3+ 11. gxf3 exd5 12. Rd2 Be6 13. Bb2 Be5 14. Rg1 Rc8 15.
Ne2 Bxb2 16. Rxb2 O-O 17. Qd4 Rc4 18. Qe5 Re8 19. Nd4 Rc1+ 20. Ke2 g6 21. Nb3 d4
22. Qxd4 Bxb3 23. Qxd8 Rxd8 24. Rxb3 Rdd1 25. Rd3 Re1+ 26. Kd2 Rxf1 27. Rxf1
Rxf1 28. Ke2 Ra1 29. Rd6 Kg7 30. Rb6 Rxa3 31. e4 Nd7 0-1

[Event "11th Gashimov Mem Blitz"]
[Site "Stepanakert ARM"]
[Date "2025.12.11"]
[Round "8.3"]
[White "Nepomniachtchi, Ian"]
[Black "Fedoseev, Vladimir3"]
[Result "1/2-1/2"]
[WhiteTitle "GM"]
[BlackTitle "GM"]
[WhiteElo "2723"]
[BlackElo "2705"]
[WhiteFideId "4168119"]
[BlackFideId "24130737"]
[EventDate "2025.12.11"]

1. e4 e5 2. Nf3 Nf6 3. Nxe5 d6 4. Nf3 Nxe4 5. Nc3 Nxc3 6. dxc3 Nc6 7. Be3 Be7 8.
Qd2 Bf5 9. O-O-O Qd7 10. h3 a6 11. Be2 O-O 12. g4 Be6 13. Kb1 Rae8 14. Rhe1 Bd8
15. Ng5 Bxg5 16. Bxg5 f5 17. f3 Ne5 18. Rf1 Bc4 19. Bxc4+ Nxc4 20. Qd5+ Qf7 21.
Qxf7+ Rxf7 22. Rfe1 Kf8 23. Rxe8+ Kxe8 24. Bc1 f4 25. h4 Ne5 26. Rf1 Kd7 27. b3
b5 28. Bd2 Ke6 29. Kc1 g6 30. Kd1 h6 31. Ke2 c5 32. Ra1 Kd5 33. a4 g5 34. axb5
axb5 35. h5 Re7 36. Kf2 c4 37. b4 Nc6 38. Ra8 Re6 39. Rh8 Ne5 40. Rh7 Kc6 41.
Bc1 Nd7 42. Bd2 Nf6 43. Rh8 Nd5 44. Rc8+ Kb7 45. Rh8 Kc7 46. Rh7+ Kc6 47. Rh8
Nb6 48. Kf1 Nd5 49. Kf2 Nb6 50. Kf1 1/2-1/2

[Event "11th Gashimov Mem Blitz"]
[Site "Stepanakert ARM"]
[Date "2025.12.11"]
[Round "9.1"]
[White "Nepomniachtchi, Ian"]
[Black "Tabatabaei, M. Amin"]
[Result "1-0"]
[WhiteTitle "GM"]
[BlackTitle "GM"]
[WhiteElo "2723"]
[BlackElo "2700"]
[WhiteFideId "4168119"]
[BlackFideId "12521213"]
[EventDate "2025.12.11"]

1. d4 d5 2. c4 e6 3. Nc3 Nf6 4. cxd5 exd5 5. Bg5 c6 6. Qc2 h6 7. Bh4 Be7 8. e3
O-O 9. Bd3 Re8 10. Nge2 Nbd7 11. O-O Nh5 12. Bxe7 Qxe7 13. Rae1 Nf8 14. Nc1 Be6
15. Nb3 g6 16. Nd2 Rad8 17. f4 Ng7 18. Nf3 Bf5 19. Ne5 Bxd3 20. Qxd3 h5 21. a3
Nd7 22. b4 Nf6 23. g3 Nf5 24. Kg2 Nd6 25. h3 Kg7 26. Qc2 Nfe4 27. Nxe4 Nxe4 28.
Nd3 f6 29. Nc5 Qc7 30. Rf3 Re7 31. g4 Rh8 32. Rh1 Qc8 33. f5 g5 34. Ne6+ Rxe6
35. fxe6 Qxe6 36. gxh5 Rxh5 37. Kg1 Rh4 38. Rh2 f5 39. b5 Kf6 40. bxc6 bxc6 41.
Qa4 Qd6 42. Rc2 c5 43. dxc5 Qc7 44. Qa6+ Ke5 45. Qg6 Qc8 46. c6 g4 47. Rf4 Rxh3
48. c7 Rxe3 49. Qxf5+ 1-0

[Event "11th Gashimov Mem Blitz"]
[Site "Stepanakert ARM"]
[Date "2025.12.11"]
[Round "9.2"]
[White "Fedoseev, Vladimir3"]
[Black "Suleymanli, Aydin"]
[Result "1-0"]
[WhiteTitle "GM"]
[BlackTitle "GM"]
[WhiteElo "2705"]
[BlackElo "2628"]
[WhiteFideId "24130737"]
[BlackFideId "13413937"]
[EventDate "2025.12.11"]

1. d4 Nf6 2. c4 e6 3. Nf3 d5 4. Nc3 c6 5. e3 Nbd7 6. Be2 Bd6 7. O-O O-O 8. b3 b6
9. Bb2 Bb7 10. Rc1 Rc8 11. Bd3 Qe7 12. Qe2 Rfe8 13. Rfd1 h6 14. cxd5 exd5 15.
Ba6 Nf8 16. Ne5 Ne6 17. h3 c5 18. Nf3 cxd4 19. Bxb7 dxc3 20. Bxc8 cxb2 21. Rc2
Nc5 22. Bf5 Nfe4 23. Rb1 g6 24. b4 Na4 25. Bxe4 dxe4 26. Nd4 Bxb4 27. Nc6 Qd6
28. Qc4 a5 29. a3 b5 30. Qb3 Bxa3 31. Qxb5 Nc5 32. Nxa5 Rb8 33. Qe2 Qd3 34. Nc4
Qxe2 35. Rxe2 Nd3 36. Nxa3 Ra8 37. Nc4 Rc8 38. Nxb2 Rb8 39. Rd2 Rb3 40. Kf1 1-0

[Event "11th Gashimov Mem Blitz"]
[Site "Stepanakert ARM"]
[Date "2025.12.11"]
[Round "9.3"]
[White "Mamedov, Rauf"]
[Black "Yakubboev, Nodirbek"]
[Result "0-1"]
[WhiteTitle "GM"]
[BlackTitle "GM"]
[WhiteElo "2645"]
[BlackElo "2691"]
[WhiteFideId "13401653"]
[BlackFideId "14203987"]
[EventDate "2025.12.11"]

1. e4 c5 2. c3 d5 3. exd5 Qxd5 4. d4 Nc6 5. Nf3 Bf5 6. Be2 cxd4 7. cxd4 Bxb1 8.
Rxb1 e6 9. O-O Bd6 10. b4 Nf6 11. b5 Ne7 12. Ne5 Bxe5 13. dxe5 Qxe5 14. Bf3 Ned5
15. Bb2 Qc7 16. Rc1 Qb6 17. Ba3 Qxb5 18. Qd4 Qa5 19. Qb2 Rd8 20. Rfd1 Rg8 21. g3
b5 22. Rc5 a6 23. Bxd5 Nxd5 24. Qc1 f6 25. Bb2 Kf7 26. Qc2 Qb6 27. Bd4 Qd6 28.
Rc1 Rd7 29. Qxh7 Ne7 30. Be3 Qd3 31. Qh5+ Qg6 32. Qf3 Rgd8 33. h4 Qd3 34. Qh5+
Qg6 35. Qf3 Rd5 36. Rc7 R8d7 37. R7c3 Qf5 38. Qe2 Qe4 39. R3c2 a5 40. Rc5 b4 41.
R5c2 Kg6 42. Rc4 Qd3 43. Qg4+ Kf7 44. R4c2 Qf5 45. Qe2 Qe4 46. Rc4 Qd3 47. Qh5+
Rxh5 0-1

[Event "11th Gashimov Mem Blitz"]
[Site "Stepanakert ARM"]
[Date "2025.12.11"]
[Round "10.1"]
[White "Tabatabaei, M. Amin"]
[Black "Mamedov, Rauf"]
[Result "0-1"]
[WhiteTitle "GM"]
[BlackTitle "GM"]
[WhiteElo "2700"]
[BlackElo "2645"]
[WhiteFideId "12521213"]
[BlackFideId "13401653"]
[EventDate "2025.12.11"]

1. e4 c5 2. Nf3 Nc6 3. Bb5 Nf6 4. Bxc6 dxc6 5. d3 g6 6. Nc3 Bg7 7. O-O b6 8. a4
a5 9. Re1 Bg4 10. h3 Bxf3 11. Qxf3 Nd7 12. Be3 e5 13. Qg3 O-O 14. Rad1 Re8 15.
f4 exf4 16. Bxf4 Nf8 17. Rf1 Ne6 18. Be3 Nd4 19. Bxd4 Qxd4+ 20. Kh1 Ra7 21. Rf2
Be5 22. Qh4 Qb4 23. Rdf1 Qxb2 24. Nd1 Qd4 25. Rf3 Qd8 26. Qh6 Bg7 27. Qf4 b5 28.
Ne3 bxa4 29. Nc4 Rd7 30. e5 Re6 31. Qg4 h5 32. Qg3 a3 33. Ra1 h4 34. Qe1 Rde7
35. Re3 Qd5 36. Rxa3 Bxe5 37. Rxa5 Bg3 38. Ra8+ Kh7 39. Qc3 Qd4 40. Qxd4 cxd4
41. Rxe6 Rxe6 42. Ra1 Re2 43. Rc1 Bf4 44. Rf1 g5 45. Na3 Kg6 46. Kg1 f5 47. Rb1
g4 48. Kf1 Rd2 49. hxg4 fxg4 50. Rb6 h3 51. Rxc6+ Kh5 52. gxh3 gxh3 53. Rc5+ Kg4
54. Rc8 h2 55. Rh8 Kf3 56. Ke1 Rg2 0-1

[Event "11th Gashimov Mem Blitz"]
[Site "Stepanakert ARM"]
[Date "2025.12.11"]
[Round "10.2"]
[White "Yakubboev, Nodirbek"]
[Black "Fedoseev, Vladimir3"]
[Result "0-1"]
[WhiteTitle "GM"]
[BlackTitle "GM"]
[WhiteElo "2691"]
[BlackElo "2705"]
[WhiteFideId "14203987"]
[BlackFideId "24130737"]
[EventDate "2025.12.11"]

1. c4 e6 2. Nf3 Nf6 3. d4 b6 4. a3 Bb7 5. Nc3 d5 6. Qc2 dxc4 7. e4 c5 8. Bf4
cxd4 9. Nb5 Bxe4 10. Qxc4 Nd5 11. Bxb8 Rxb8 12. Nxa7 Bxf3 13. Qa4+ b5 14. Bxb5+
Rxb5 15. Qxb5+ Qd7 16. Qb8+ Ke7 17. gxf3 Kf6 18. O-O g5 19. Rfe1 Bg7 20. Qe5+
Kg6 21. Qe4+ Kh6 22. h4 Bf6 23. hxg5+ Bxg5 24. Qxd4 Rg8 25. Kh1 Bf6 26. Qd2+ Rg5
27. Rg1 Qxa7 28. Rg4 Kg6 29. Rag1 h6 30. f4 Rxg4 31. Rxg4+ Kf5 32. f3 Bd4 33.
Qh2 Nf6 34. Qxh6 e5 35. Rg5+ Ke6 36. fxe5 Bxe5 37. Qh3+ Kd6 38. f4 Bxb2 39. Qd3+
Bd4 40. Kg2 Qb7+ 41. Qf3 Qb2+ 42. Kh3 Ke7 43. Qd3 Qf2 44. Rg2 Qxf4 45. Re2+ Be5
46. Kg2 Ng4 47. Qf3 Qd4 48. Re4 Qd2+ 49. Kg1 0-1

[Event "11th Gashimov Mem Blitz"]
[Site "Stepanakert ARM"]
[Date "2025.12.11"]
[Round "10.3"]
[White "Suleymanli, Aydin"]
[Black "Nepomniachtchi, Ian"]
[Result "0-1"]
[WhiteTitle "GM"]
[BlackTitle "GM"]
[WhiteElo "2628"]
[BlackElo "2723"]
[WhiteFideId "13413937"]
[BlackFideId "4168119"]
[EventDate "2025.12.11"]

1. e4 c5 2. Nf3 d6 3. Bb5+ Nd7 4. c4 Nf6 5. Nc3 g6 6. Ba4 Bg7 7. d3 O-O 8. h3
Ne5 9. Nxe5 dxe5 10. g4 Qd6 11. Be3 Rd8 12. Qe2 b6 13. O-O-O Bd7 14. Bb3 a6 15.
Rhf1 b5 16. f4 b4 17. fxe5 Qxe5 18. Bf4 Qd4 19. Be3 Qd6 20. Nd5 Nxd5 21. exd5 a5
22. Bf4 Qb6 23. Be5 Bh6+ 24. Bf4 Bg7 25. Be5 Bh6+ 26. Bf4 Bf8 27. Bc2 a4 28. Bb1
a3 29. b3 e6 30. Be5 exd5 31. cxd5 Re8 32. Qh2 Bh6+ 33. Kc2 c4 34. dxc4 Rxe5 35.
Qxe5 Re8 36. Qxe8+ Bxe8 37. Rde1 Bd7 0-1